Vista normal
Vista MARC
Entrada Materia (personas)
Número de registros utilizados en: 1
001 - CONTROL NUMBER
- control field: 40339
003 - CONTROL NUMBER IDENTIFIER
- control field: Co-BoUCM
005 - DATE AND TIME OF LATEST TRANSACTION
- control field: 20130711113113.0
008 - FIXED-LENGTH DATA ELEMENTS
- fixed length control field: 130711|| aca||aabn | a|a d
040 ## - CATALOGING SOURCE
- Original cataloging agency: Co-BoUCM
- Transcribing agency: Co-BoUCM
100 ## - HEADING--PERSONAL NAME
- Personal name: Preciado Beltran, Jair
670 ## - SOURCE DATA FOUND
- Source citation: Work cat.: (Co-BoUCM)47155: Preciado Beltran, Jair, Historia ambiental de Bogotá Siglo xx, 2005.